000 00654nam a2200181 i 4500
001 162160
003 ES-MaACL
005 20250721145132.0
008 000121s1869 po a f |||| | por d
040 _aM-RACE
_bspa
_cM-RACE
_dCCPB | B
100 1 _aPina Vidal, Adriano Augusto de.
_992069
245 1 0 _aCurso de meteorología /
_cpor Adriano Augusto de Pina Vidal.
260 _aLisboa :
_b[s.n.],
_c1869 (
_fTypographia da Academia)
300 _a155 p. :
_bil. ;
_c23 cm.
650 0 7 _aMeteorología
_2embne
_915017
852 _aES-MaACL
_jT-245-F-1
_z- Enc. hol.
_q- Falto de cub. original
_z- Enc. en un vol. facticio
999 _c162160
_d162160